000 01629nam a2200445 4500
999 _c44367
_d44367
001 44367
003 ES-MaCES
005 20190510040007.0
008 140210s2013 sp |||||||||||||||||spa|d
017 _aAB 329-2013
_bDL
020 _a9788415923084
040 _aES-MaCES
_bspa
_cES-MaCES
245 0 3 _aLa estrategia de emprendimiento y empleo joven en la Ley 11/2013
_b: desempleo, empleo y ocupación juvenil
_cMaría Fernanda Fernández López, Francisco Javier Calvo Gallego (dirs.)
260 _aAlbacete
_bBomarzo
_c2013
300 _a391 p.
_c24 cm
490 1 _aColección Estudios
541 _cCompra
610 1 4 _934802
_aEspaña
_tLey de medidas de apoyo al emprendedor y de estímulo del crecimiento y de la creación de empleo
_d2013
650 4 _929982
_aempleo de jóvenes
650 4 _929983
_adesempleo de jóvenes
650 4 _928402
_aocupación
650 4 _930270
_afomento del empleo
650 4 _930269
_aincentivo al trabajo
650 4 _930170
_atrabajo a cuenta propia
650 4 _928323
_acontratación
650 4 _927209
_aadministración fiscal
650 4 _927043
_aprestaciones por desempleo
650 4 _930776
_apolítica comunitaria
650 4 _926964
_aEspaña
650 4 _927166
_alegislación del trabajo
650 4 _931985
_a2013
650 4 _928971
_acomentario
650 4 _929894
_arégimen jurídico
653 1 0 _aEmpleo
700 1 _911905
_aFernández López, María Fernanda
_edir.
700 1 _98760
_aCalvo Gallego, Francisco Javier
_edir.
830 0 _aColección Estudios (Editorial Bomarzo)
_939568
902 _aLIB Libro
942 _2CES
_cBK
_h2.1.